000 00272nam a2200133Ia 4500
100 _aSalomon/David
942 _cBK
654 _acomputer
245 _aAdvanced Tex Book
260 _bSpringer-Verlag
_aNONE
_c1995
300 _a490
546 _aENGLISH
999 _c30391
_d30391